Oro en California
Saved in:
| 主要作者: | |
|---|---|
| 格式: | 圖書 |
| 語言: | 西班牙语 |
| 出版: |
Santiago
Nascimento
1974
|
| 主題: | |
| 標簽: |
添加標簽
沒有標簽, 成為第一個標記此記錄!
|
MARC
| LEADER | 00000nam a2200000 a 4500 | ||
|---|---|---|---|
| 001 | UCO2109 | ||
| 003 | CL-VaPUC | ||
| 008 | 000602e19740000CL |||||||||||||||||spa|d | ||
| 082 | 0 | 4 | |a 917.94 |b PER |2 21 |
| 100 | 0 | |a Pérez Rosales, Vicente |e author |9 346608 | |
| 245 | 1 | 0 | |a Oro en California |
| 300 | |a 150 p | ||
| 942 | |c BK | ||
| 945 | |d 20000602 00:00:00 |a crobeson | ||
| 260 | |a Santiago |b Nascimento |c 1974 | ||
| 650 | 0 | |a Viajes y descripciones |9 363745 | |
| 650 | 7 | |a FIEBRE DEL ORO |2 CL-VaPUC |9 414348 | |
| 651 | 7 | |a CALIFORNIA |2 CL-VaPUC |9 264797 | |
| 651 | 0 | |a Estados Unidos |9 255178 | |
| 583 | |a last modification |c 20000602 00:00:00 |k Rodrigo Vera | ||
| 999 | |c 288649 |d 288647 | ||
| 952 | |0 0 |1 0 |4 0 |6 917_940000000000000_PER_1974 |7 0 |8 A |9 336489 |a BIBHIS |b BIBHIS |d 2019-11-20 |i 1278878 |o 917.94 PER 1974 |p 1278878 |r 2025-01-20 |w 2019-11-20 |y BK |k HIS | ||